| 000 | 01104nam a22002537a 4500 | ||
|---|---|---|---|
| 005 | 20110810094115.0 | ||
| 008 | 110810t xxu||||| |||| 00| 0 mar d | ||
| 010 | _aMAR-21245 | ||
| 020 | _c100.00 | ||
| 035 | _aMR-13903 | ||
| 037 | _bDBAD/PUB | ||
| 040 |
_aDPL _bMR |
||
| 082 | _a891.461 | ||
| 100 |
_932250 _aउपासनी ना.ह |
||
| 245 |
_aसुमकोषी / _cना ह उपासनी |
||
| 246 |
_aSumkoshi _bby N H Upasani |
||
| 260 |
_aनागपूर _bआशीर्वाद पब्लिकेशन _c2007 |
||
| 270 |
_aधनरे बिल्डिग,दक्षिणामूर्ति चौक,महाल _bनागपूर _e-32 |
||
| 300 |
_a101पृ. _c21सेमी(अजिल्द) |
||
| 650 |
_aमराठी कवितासंग्रह _933179 |
||
| 650 |
_aMarahi Poetry _933180 |
||
| 942 |
_2ddc _cMR _h891.461 _mउपास |
||
| 999 |
_c55700 _d55700 |
||